20 citations célèbres - Statistiques

Statistiques générales
  • Ce quiz a été pris 62 fois
    61 depuis la dernière actualisation
  • Le résultat moyen est 10 sur 20
Statistiques - réponses
Citations Auteurs % Correct
Veni, vidi, vici César
94%
Je pense donc je suis Descartes
89%
I have a dream King
87%
Être ou ne pas être, telle est la question Shakespeare
85%
Un petit pas pour l'homme, un grand pas pour l'humanité Armstrong
83%
Rien ne sert de courir, il faut partir à point de La Fontaine
83%
Et pourtant elle tourne Galilée
68%
Eurêka ! Archimède
64%
L'important c'est de participer de Coubertin
58%
Du haut de ces pyramides, quarante siècles vous contemplent Bonaparte
51%
Le cœur a ses raisons que la raison ne connait point Pascal
45%
Il faut cultiver notre jardin Voltaire
42%
Connais-toi toi même Socrate
38%
A vaincre sans péril, on triomphe sans gloire Corneille
34%
Rire est le propre de l'homme Rabelais
25%
J'y suis j'y reste Mc Mahon
15%
A chaque jour suffit sa peine Jésus Christ
9%
Il n'y a point de pires sourds que ceux qui ne veulent pas entendre Molière
9%
Qui m'aime me suive Philippe VI
6%
Il ne faut pas être plus royaliste que le roi Chateaubriand
2%
Aucun quiz correspondant
Distribution des résultats
% des personnes avec chaque résultat
Percentile par nombre de réponses
Votre historique - résultats
Vous n’avez pas pris ce quiz depuis la dernière actualisation